Regionálna politika Európskej únie a perspektívy účasti Slovenskej republiky na jej realizácii

Enregistré dans:
Détails bibliographiques
Auteur principal: Lipková, Ľudmila
Collectivité auteur: Ekonomická univerzita v Bratislave. Fakulta medzinárodných vzťahov
Format: Livre
Langue:slovaque
Publié: Bratislava 2006
Sujets:
Tags: Ajouter un tag
Pas de tags, Soyez le premier à ajouter un tag!

MARC

LEADER 00000nam$a2200000$$$4500
001 0056615
005 20240718081929.5
020 |a 978-80-225-2322-6 
041 0 |a slo 
044 |a SK 
245 1 0 |a Regionálna politika Európskej únie a perspektívy účasti Slovenskej republiky na jej realizácii  |c vedúca riešiteľského kolektívu: Ľudmila Lipková 
264 1 |a Bratislava  |c 2006 
300 |a 270 s. 
610 2 0 |a politika regionálna 
610 2 0 |a Európska únia 
610 2 0 |a Slovensko 
610 2 0 |a pomoc hospodárska 
610 2 0 |a reformy 
610 2 0 |a regióny 
100 1 |a Lipková, Ľudmila 
710 2 |a Ekonomická univerzita v Bratislave. Fakulta medzinárodných vzťahov